| Tag |
First Indicator |
Second Indicator |
Subfields |
| LEADER |
00000cas a2200000 i 4500 |
| 001 |
in00000070110 |
| 005 |
20151008061608.0 |
| 008 |
760415c19429999iluuu p 0uuu 0eng |
| 010 |
|
|
|a map57000269
|
| 035 |
|
|
|a (OCoLC)02112988
|
| 035 |
|
|
|9 AAJ8399AM
|
| 040 |
|
|
|a DLC
|c KSU
|d TXA
|d UtOrBLW
|
| 049 |
|
|
|a TXAE
|
| 050 |
|
0 |
|a G1019
|b .E6
|
| 130 |
0 |
|
|a Encyclopaedia Britannica.
|
| 245 |
1 |
0 |
|a Encyclopaedia Britannica world atlas ;
|b unabridged.
|
| 264 |
|
1 |
|a Chicago.
|b [publisher not identified] ;
|
| 300 |
|
|
|a volumes :
|b illustrations, maps (part color) tables. ;
|c 38 cm.
|
| 336 |
|
|
|a text
|b txt
|2 rdacontent
|
| 337 |
|
|
|a unmediated
|b n
|2 rdamedia
|
| 338 |
|
|
|a volume
|b nc
|2 rdacarrier
|
| 362 |
0 |
|
|a 1942-
|
| 500 |
|
|
|a Subtitle varies.
|
| 500 |
|
|
|a Includes bibliographies.
|
| 500 |
|
|
|a Geographical editor: 1942- G. D. Hudson.
|
| 650 |
|
0 |
|a Atlases.
|
| 650 |
|
0 |
|a Commercial statistics.
|
| 700 |
1 |
|
|a Hudson, George Donald,
|d 1897-
|
| 999 |
|
|
|a MARS
|
| 999 |
f |
f |
|s 721c11c4-a162-3771-b376-c270f585dc29
|i f340da2d-41e3-3dbd-bd42-9be839c74c76
|t 0
|
| 952 |
f |
f |
|p normal
|a Texas A&M University
|b College Station
|c Sterling C. Evans Library
|d Evans: Library Stacks
|t 0
|e G1019 .E6
|f Oversize
|h Library of Congress classification
|i unmediated -- volume
|l 1963
|m A14810766338
|
| 952 |
f |
f |
|p noncirc
|a Texas A&M University
|b College Station
|c Sterling C. Evans Library
|d Evans: Maps (2nd floor)
|t 0
|e G1019 .E6
|f Oversize
|h Library of Congress classification
|i unmediated -- volume
|l 1966
|m A14811270047
|
| 952 |
f |
f |
|p normal
|a Texas A&M University
|b College Station
|c Sterling C. Evans Library
|d Evans: Library Stacks
|t 0
|e G1019 .E6
|f Oversize
|h Library of Congress classification
|i unmediated -- volume
|l 1942
|m A14811270097
|
| 952 |
f |
f |
|p normal
|a Texas A&M University
|b College Station
|c Sterling C. Evans Library
|d Evans: Library Stacks
|t 0
|e G1019 .E6
|f Oversize
|h Library of Congress classification
|i unmediated -- volume
|l 1951
|m A14811270055
|
| 952 |
f |
f |
|p normal
|a Texas A&M University
|b College Station
|c Sterling C. Evans Library
|d Evans: Library Stacks
|t 0
|e G1019 .E6
|f Oversize
|h Library of Congress classification
|i unmediated -- volume
|l 1952
|m A14811707002
|
| 998 |
f |
f |
|a G1019 .E6
|s 1951-1952,1963,1966
|t 0
|l Evans: Library Stacks
|